LEADER 01314nam a2200289 i 4500 001 000000108050 003 CaOOAMICUS 005 20171219000000.0 008 171219s1978 it u000 u ita u 013 $a80613 020 $a88-01-13180-1 040 $aSeMil$bita 100 1 $aGevaert, Joseph,$d<1930-2019>.$0(OLS)http://semarc/name/24356 245 10$aIncontro dell'uomo d'oggi con Cristo :$besercizi spirituali e incontro con Cristo /$cJ. Gevaert ... [et al.]. 260 $aLeumann (TO) :$bElle Di Ci,$c[1978] 300 $a104 p. ;$c20 cm. 490 0 $aRitiri ed esercizi ;$v16 650 4$aGesù Cristo - Meditazioni.$0(OLS)http://semarc/subject/1836 650 4$aEsercizi spirituali - Testi.$0(OLS)http://semarc/subject/3261 650 4$aEsercizi spirituali per giovani.$0(OLS)http://semarc/subject/3057 830 0$aRitiri ed esercizi ;$v16.$0(OLS)http://semarc/title/9713 850 $aSeMil 852 $aSeMil$W1$xVenegono$y1$m3F III 676$j64146$B64146$CSeMilBibl$Z2$F221066 $81 961 $aOmaggio: Altro 996 $6020$a88-01-13180-1$9(OLS)http://semarc/number/273095 996 $6245$aIncontro dell'uomo d'oggi con Cristo :$besercizi spirituali e incontro con Cristo$9(OLS)http://semarc/title/407403 996 $6260$aLeumann (TO) :$bElle Di Ci$9(OLS)http://semarc/publisher/29654 LEADER 01424nam a2200313 i 4500 001 000000358925 003 CaOOAMICUS 005 20240717102657.0 008 240717s2004 it u000 u ita u 020 $a978-88-8057-202-2 040 $aSeMil$bita 100 1 $aSteinsaltz, Adin,$d<1937-2020>.$0(OLS)http://semarc/name/47625 240 10$aHa-Talmû? la-kol.$0(OLS)http://semarc/title/449324 245 10$aCos'è il Talmùd /$cAdin Steinsaltz ; edizione italiana a cura di Sandro Servi : traduzione dall'ebraico di Sandro Servi e Daniele Liberanome. 264 1$aFirenze :$bGiuntina,$c2004 (stampa 2010) 264 1$aFirenze :$bGiuntina,$c2004. 300 $a372 p. ;$c20 cm 490 1 $aSchulim vogelmann ;$v120 650 4$aTalmud.$0(OLS)http://semarc/subject/8809 700 1 $aLiberanome, Daniele.$0(OLS)http://semarc/name/119959 700 1 $aServi, Sandro.$0(OLS)http://semarc/name/119958 830 0$aSchulim Vogelmann ;$v120.$0(OLS)http://semarc/title/11273 850 $aSeMil 852 $aSeMil$W1$xVenegono$y1$m2R I 130$j249380$B249987$CSeMilBibl$Z2$F249987 $81 996 $6020$a978-88-8057-202-2$9(OLS)http://semarc/number/300702 996 $6245$aCos'è il Talmùd$9(OLS)http://semarc/title/449325 996 $6264$aFirenze :$bGiuntina$9(OLS)http://semarc/publisher/31954 996 $6264$aFirenze :$bGiuntina$9(OLS)http://semarc/publisher/31954